<?xml version="1.0" encoding="UTF-8"?><record xmlns="http://www.loc.gov/MARC21/slim" xmlns:zs="http://docs.oasis-open.org/ns/search-ws/sruResponse">
  <leader>02944nas a22004333i 4500</leader>
  <controlfield tag="001">22111695</controlfield>
  <controlfield tag="005">20250607110133.8</controlfield>
  <controlfield tag="006">m    |o  d |      </controlfield>
  <controlfield tag="007">cr |||||||||||</controlfield>
  <controlfield tag="008">210628s1949    ke || p|o     0    0eng  </controlfield>
  <datafield ind1=" " ind2=" " tag="035">
    <subfield code="a">22111695</subfield>
  </datafield>
  <datafield ind1=" " ind2=" " tag="906">
    <subfield code="a">0</subfield>
    <subfield code="b">ibc</subfield>
    <subfield code="c">orignew</subfield>
    <subfield code="d">u</subfield>
    <subfield code="e">ncip</subfield>
    <subfield code="f">20</subfield>
    <subfield code="g">y-ilsserca</subfield>
  </datafield>
  <datafield ind1=" " ind2=" " tag="955">
    <subfield code="a">LCAP batch update 2025-06-02-04:00: LCAPM-988</subfield>
  </datafield>
  <datafield ind1=" " ind2=" " tag="010">
    <subfield code="a">  2020741463</subfield>
  </datafield>
  <datafield ind1=" " ind2=" " tag="035">
    <subfield code="a">(WDL)19249</subfield>
  </datafield>
  <datafield ind1=" " ind2=" " tag="040">
    <subfield code="a">DLC</subfield>
    <subfield code="b">eng</subfield>
    <subfield code="c">DLC</subfield>
  </datafield>
  <datafield ind1=" " ind2=" " tag="080">
    <subfield code="a">327</subfield>
  </datafield>
  <datafield ind1=" " ind2=" " tag="080">
    <subfield code="a">967</subfield>
  </datafield>
  <datafield ind1="2" ind2=" " tag="110">
    <subfield code="a">East Africa High Commission.</subfield>
  </datafield>
  <datafield ind1="1" ind2="0" tag="240">
    <subfield code="a">Laws, etc. (Acts)</subfield>
  </datafield>
  <datafield ind1="1" ind2="0" tag="245">
    <subfield code="a">Acts for 1949 /</subfield>
    <subfield code="c">East Africa High Commission.</subfield>
  </datafield>
  <datafield ind1=" " ind2=" " tag="260">
    <subfield code="a">Nairobi :</subfield>
    <subfield code="b">Government Printer,</subfield>
    <subfield code="c">1949.</subfield>
  </datafield>
  <datafield ind1=" " ind2=" " tag="300">
    <subfield code="a">1 online resource.</subfield>
  </datafield>
  <datafield ind1=" " ind2=" " tag="336">
    <subfield code="a">text</subfield>
    <subfield code="b">txt</subfield>
    <subfield code="2">rdacontent</subfield>
  </datafield>
  <datafield ind1=" " ind2=" " tag="337">
    <subfield code="a">computer</subfield>
    <subfield code="b">c</subfield>
    <subfield code="2">rdamedia</subfield>
  </datafield>
  <datafield ind1=" " ind2=" " tag="338">
    <subfield code="a">online resource</subfield>
    <subfield code="b">cr</subfield>
    <subfield code="2">rdacarrier</subfield>
  </datafield>
  <datafield ind1=" " ind2=" " tag="500">
    <subfield code="a">"From the Uganda National Fisheries Resources Research Institute. Digitized at the National Library of Uganda with support from the Carnegie Corporation of New York."--Note extracted from World Digital Library.</subfield>
  </datafield>
  <datafield ind1=" " ind2=" " tag="500">
    <subfield code="a">Original resource extent: 330 pages : illustrations ; 24 centimeters.</subfield>
  </datafield>
  <datafield ind1=" " ind2=" " tag="520">
    <subfield code="a">This book is a compilation of the laws and regulations promulgated by the East Africa High Commission for 1949. The laws were issued in the name of, or on behalf of, His Majesty King George VI of Great Britain, and reflected the colonial status of East Africa-present-day Kenya, Tanzania, and Uganda-at the time. The laws presented include the Interpretation Act, dealing with the interpretation of words and expressions; the Makerere College Act, concerning the governance, control, and administration of Makerere College (present-day Makerere University); the Statistics Act, covering the taking of censuses and the collection, compilation, analysis and publication of certain statistical information; acts relating to the financing of railways, harbors, posts, and telegraphs; acts relating to financial matters such as the raising of revenues and allocation of expenditures; and the East African Naval Force Act. The latter act led several years later to the establishment of the Royal East African Navy, a small combined naval force of the British territories in East Africa that was the precursor to the future navies of independent Kenya and Tanzania.</subfield>
  </datafield>
  <datafield ind1="1" ind2=" " tag="535">
    <subfield code="3">Original resource at:</subfield>
    <subfield code="a">National Library of Uganda.</subfield>
  </datafield>
  <datafield ind1=" " ind2=" " tag="546">
    <subfield code="a">Content in English.</subfield>
  </datafield>
  <datafield ind1="0" ind2=" " tag="588">
    <subfield code="a">Description based on data extracted from World Digital Library, which may be extracted from partner institutions.</subfield>
  </datafield>
  <datafield ind1=" " ind2="0" tag="653">
    <subfield code="a">1949</subfield>
  </datafield>
  <datafield ind1=" " ind2="0" tag="653">
    <subfield code="a">Census</subfield>
    <subfield code="a">Finance</subfield>
    <subfield code="a">Great Britain--Colonies</subfield>
    <subfield code="a">Law -- Terminology</subfield>
    <subfield code="a">Makerere University</subfield>
    <subfield code="a">Politics and government</subfield>
    <subfield code="a">Statutes and codes</subfield>
  </datafield>
  <datafield ind1=" " ind2=" " tag="752">
    <subfield code="a">Kenya</subfield>
    <subfield code="b">Nairobi Municipality</subfield>
    <subfield code="d">Nairobi</subfield>
  </datafield>
  <datafield ind1="4" ind2="0" tag="856">
    <subfield code="d">gdcwdl</subfield>
    <subfield code="f">wdl_19249</subfield>
    <subfield code="u">https://hdl.loc.gov/loc.wdl/wdl.19249</subfield>
  </datafield>
  <datafield ind1=" " ind2=" " tag="952">
    <subfield code="a">wdlserial complete</subfield>
  </datafield>
  <datafield ind1=" " ind2=" " tag="985">
    <subfield code="a">wdl/wdlpartner/wdluganda</subfield>
  </datafield>
  <datafield ind1=" " ind2=" " tag="991">
    <subfield code="b">s-Online</subfield>
    <subfield code="h">Electronic Resource</subfield>
  </datafield>
</record>
